1634 1373 1953 1131 1349 1309 1526 1519 1374 1592 1307 1809 1609 1683 1295 1715 1165 1306 1749 1647 1326 1429 1831 1068 1059 1139 1883 1902 1045 1157 1377 1270 1960 1660 1013 1807 1262 1191 1184 1296 1921 1612 1384 1295 1097 1771 1325 1015 1618 1994 1982 1971 1036 1335 1423 1465 1067 1147 1590 1882 1896 1160 1694 1505 1852 1943 1299 1076 1076 1556 1044 1843 1097 1563 1432 1373 1097 1548 1711 1102 1552 1396 1959 1186 1885 1533 1763 1040 1365 1546 1048 1125 1454 1937 1726 1728 1083 1128 1596 BCNSPRNW ULIB Ver.6.0+V

เปลี่ยนเป็นภาษาไทย

Change to English
 แสดงรายละเอียดบรรณานุกรม
  กลับหน้าหลัก

Brief Record : Get Marc (ISO 2709) : E-mail record : QR code < ปิดหน้าต่าง
LEADER : 00000nam 2200000uu 4500
001    13399110047
003     ULIB
008    110420s2551||||th 000 0 tha d
020    9749085876
020    9789749085875
060 04 WG340^bป434อ 2551
100 0  ประสาร เปรมะสกุล,^cพล.อ.
245 10 ลดความดันเลือด ด้วยตัวเอง /^cประสาร เปรมะสกุล
250    พิมพ์ครั้งที่ 9
260    กรุงเทพฯ :^bอรุณการพิมพ์,^c2551
300    (12), 356 หน้า :^bภาพประกอบ ;^c21 ซม.
440  0 ชุดชีววิถึแนวใหม่ ;^vเล่มที่ 2
650  7 ความดันเลือดสูง
945    ^p295^l0^i026090
945    ^p295^l0^i026089
945    ^p295^l0^i016434
945    ^p295^l0^i026088
995    ทศพร
999 ^a ใช้งานได้ทุกระบบ
รายการนี้ยังไม่มีแท็ก
คุณยังไม่ได้ล็อกอิน คุณสามารถมีกิจกรรมร่วมกับเว็บไซต์ได้ แต่ต้องล็อกอินก่อน ::
  ล็อกอิน

รายการสื่อสารสนเทศ

ลำดับที่ ประเภท เลขเรียก/บาร์โค้ด สถานที่ สถานะ
- ไม่พบข้อมูล -

รายการใกล้เคียง
    หัวเรื่อง [ความดันเลือดสูง]

BibComment


ยังไม่เคยถูกคอมเมนท์

คอมเมนท์ทรัพยากรรายการนี้
  คอมเมนท์: ลดความดันเลือด ด้..


 Copyright 2026. Bcnsprnw @Library